MARC

LEADER 00000nam0a2200000 4500
001 33625
005 20231030215245.0
035 |a (RuTPU)RU\TPU\book\33981 
035 |a BOOK00000632 
090 |a 33625 
100 |a 20011210d1958 k y0rusy50 ca 
101 1 |a rus  |c eng 
102 |a RU 
105 |a a z 000zy 
200 1 |a Ультразвуковая техника  |e пер. с англ.  |f А. Э. Кроуфорд 
210 |a Москва  |c Иностранная литература  |d 1958 
215 |a 354 с. 
610 1 |a электротехнология 
610 1 |a ультразвуковая техника 
610 1 |a применение 
675 |a 62-86  |v 3 
675 |a 6  |v 3 
700 1 |a Кроуфорд  |b А. Э.  |g Алан Е. 
801 0 |a RU  |b 63413507  |c 20011210  |g PSBO 
801 2 |a RU  |b 63413507  |c 20210604  |g PSBO 
900 |a Электротехнические материалы 
942 |c BK